000 00743nam a2200217 a 4500
005 20140412111244.0
008 001110s19uu xx 00 eng d
020 _a0-916392-13-9
050 _aREF 303.3
_bJ68 1977
100 _aJohnson, Spencer
245 _aThe Value of curiosity :
_bthe story of Christopher Columbus /
_cSpencer Johnson ; illustrated by Steve Pileggi.
260 _aLa Jolla, CA :
_bValue Comm., Inc Pub,
_c1977.
300 _a63 p. ; col. ; ill.
440 _aA Value Tale Series
520 _aDemonstrates the value of curiosity in the life of Christopher Columbus.
650 _aColumbus, Christopher
650 _aExplorers--Spain--Biography
650 _aCuriosity
650 _aExplorers
999 _c102852
_d102852